| Tag |
First Indicator |
Second Indicator |
Subfields |
| LEADER |
00000pam a22000004a 4500 |
| 001 |
in00001770921 |
| 005 |
20151025074421.0 |
| 008 |
021011s2003 nyu b 001 0 eng |
| 010 |
|
|
|a 2002040873
|
| 020 |
|
|
|a 0765604523 (hardcover : alk. paper)
|
| 035 |
|
|
|a (OCoLC)ocm50841875
|
| 040 |
|
|
|a DLC
|c DLC
|d UtOrBLW
|
| 042 |
|
|
|a pcc
|
| 049 |
|
|
|a TXAM
|
| 050 |
0 |
0 |
|a HD4903
|b .J335 2003
|
| 082 |
0 |
0 |
|a 331.13/3
|2 21
|
| 100 |
1 |
|
|a Jain, Harish C.
|
| 245 |
1 |
0 |
|a Employment equity and affirmative action :
|b an international comparison /
|c Harish C. Jain, Peter J. Sloane, and Frank Horwitz ; with Simon Taggar and Nan Weiner.
|
| 264 |
|
1 |
|a Armonk, N.Y. :
|b M.E. Sharpe,
|c [2003]
|
| 264 |
|
4 |
|c ©2003
|
| 300 |
|
|
|a xii, 229 pages ;
|c 24 cm.
|
| 336 |
|
|
|a text
|b txt
|2 rdacontent
|
| 337 |
|
|
|a unmediated
|b n
|2 rdamedia
|
| 338 |
|
|
|a volume
|b nc
|2 rdacarrier
|
| 490 |
1 |
|
|a Issues in work and human resources
|
| 504 |
|
|
|a Includes bibliographical references and index.
|
| 650 |
|
0 |
|a Discrimination in employment
|v Case studies.
|
| 650 |
|
0 |
|a Affirmative action programs
|v Case studies.
|
| 650 |
|
0 |
|a Minorities
|x Employment
|v Case studies.
|
| 650 |
|
0 |
|a Discrimination in employment
|x Law and legislation.
|
| 650 |
|
0 |
|a Affirmative action programs
|x Law and legislation.
|
| 700 |
1 |
|
|a Sloane, Peter J.
|
| 700 |
1 |
|
|a Horwitz, Frank M.
|
| 830 |
|
0 |
|a Issues in work and human resources.
|
| 945 |
|
|
|i PromptCat
|
| 948 |
|
|
|a cataloged
|b h
|c 2003/7/16
|d c
|e dmitchel
|f 11:34:34 am
|
| 994 |
|
|
|a 92
|b TXA
|
| 999 |
|
|
|a MARS
|
| 999 |
f |
f |
|s 7df8fa7f-9662-3c84-b370-3bc1a8082212
|i eafc6311-8828-3032-a6ce-85b91a1f2f3f
|t 0
|
| 952 |
f |
f |
|p normal
|a Texas A&M University
|b College Station
|c Sterling C. Evans Library
|d Evans: Library Stacks
|t 0
|e HD4903 .J335 2003
|h Library of Congress classification
|i unmediated -- volume
|m A14830407255
|
| 998 |
f |
f |
|a HD4903 .J335 2003
|t 0
|l Evans: Library Stacks
|